000 00699nam a2200205Ii 4500
003 JO-AjNU
008 230605s9999||||xx |||||||||||||| ||und||
040 _aJO-AjNU
_bara
_erda
_cJO-AjNU
041 _aara
050 1 4 _aPJ7750.M8.Z9839 2005
100 3 _aاليازجي، ناصيف,
_eauthor
_961980
245 0 0 _aالعرف الطيب في ديوان ابي الطيب، مج1
250 _aط1
264 3 1 _aبيروت: دار صادر، 2005
300 _aمج1: 474ص
336 _atext
_btxt
_2rdacontent
337 _aunmediated
_bn
_2rdamedia
338 _avolume
_bnc
_2rdacarrier
650 4 _aالشعر العربي-تاريخ ونقد-العصر العباسي الثاني
_961981
999 _aA28043
_c31611
_d31611